000 00405nam a2200169Ia 4500
003 STCL
008 181203s9999 xx 000 0 und d
020 _a9789401042987
040 _aSTCL
_bEN
_cSTCL
082 _222
100 _aRieger, Philip H.
245 0 _aElectrochemistry
260 _bSpringer Science+ Business Media
_aNew York
_c1994
300 _a483
546 _aEnglish
942 _2ddc
_cBK
999 _c86697
_d86697